La doctrina de Suárez sobre el Derecho Natural / (Record no. 50368)

MARC details
000 -LEADER
campo de control de longitud fija 00574nam a2200169 i 4500
001 - NÚMERO DE CONTROL
campo de control 50368
003 - IDENTIFICADOR DE NÚMERO DE CONTROL
campo de control ES-MaACL
005 - FECHA Y HORA DE LA ÚLTIMA TRANSACCIÓN
campo de control 20230906162152.0
007 - CAMPO FIJO DE DESCRIPCIÓN FÍSICA--INFORMACIÓN GENERAL
campo de control de longitud fija t|
008 - DATOS DE LONGITUD FIJA--INFORMACIÓN GENERAL
campo de control de longitud fija 030804s1952 sp ||||1| spa d
100 1# - ENTRADA PRINCIPAL--NOMBRE DE PERSONA
Nombre de persona Cuevas Cancino, Francisco.
9 (RLIN) 42106
245 13 - MENCIÓN DEL TÍTULO
Título La doctrina de Suárez sobre el Derecho Natural /
Mención de responsabilidad, etc. escrita por Francisco Cuevas Cancino.
260 ## - PUBLICACIÓN, DISTRIBUCIÓN, ETC.
Lugar de publicación, distribución, etc. Madrid :
Nombre del editor, distribuidor, etc. [s.n.,
Fecha de publicación, distribución, etc. 1952] (
Fabricante Imp. Juan Bravo)
300 ## - DESCRIPCIÓN FÍSICA
Extensión 290 p. ;
Dimensiones 23 cm.
500 ## - NOTA GENERAL
Nota general Memoria premiada por la Real Academia de Ciencias Morales y Políticas.
852 ## - LOCALIZACIÓN
Ubicación ES-MaACL
Número de control de estantería D-6656
Sublocalización o colección R.31902
Holdings
Estatus retirado Estado de pérdida Estado de daño No para préstamo Biblioteca de origen Biblioteca actual Ubicación en estantería Fecha de adquisición Fuente de adquisición Total de préstamos Signatura topográfica completa Código de barras Visto por última vez Precio de reemplazo Tipo de ítem Koha
        Biblioteca del Ateneo de Madrid Biblioteca del Ateneo de Madrid Sala Valle Inclán 17/01/2008     D-6656 901052979 23/02/2023 23/02/2023 Libro impreso